|
|
|
|
| LEADER |
00000cam a2200000 c 4500 |
| 001 |
273540653 |
| 003 |
DE-627 |
| 005 |
20251222212457.0 |
| 007 |
tu |
| 008 |
990101s1986 xxu||||| 00| ||eng c |
| 020 |
|
|
|a 0897270584
|9 0-89727-058-4
|
| 020 |
|
|
|a 0897270762
|c (pbk.)
|9 0-89727-076-2
|
| 035 |
|
|
|a (DE-627)273540653
|
| 035 |
|
|
|a (DE-576)01337723X
|
| 035 |
|
|
|a (DE-599)GBV273540653
|
| 035 |
|
|
|a (OCoLC)246748221
|
| 035 |
|
|
|a (OCoLC)13216333
|
| 035 |
|
|
|a (DE-604)8035064439
|
| 040 |
|
|
|a DE-627
|b ger
|c DE-627
|e rakwb
|
| 041 |
|
|
|a eng
|
| 044 |
|
|
|c XD-US
|
| 082 |
0 |
|
|a 336.73
|
| 084 |
|
|
|a QL 262
|2 rvk
|0 (DE-625)rvk/141710:
|
| 245 |
0 |
0 |
|a Fraud, waste and abuse in government
|b causes, consequences and cures
|c ed. by Jerome B. McKinney ...
|
| 264 |
|
1 |
|a Philadelphia, Pa.
|b Inst. for the Study of Human Issues
|c 1986
|
| 300 |
|
|
|a X, 159 S
|b graph. Darst
|
| 336 |
|
|
|a Text
|b txt
|2 rdacontent
|
| 337 |
|
|
|a ohne Hilfsmittel zu benutzen
|b n
|2 rdamedia
|
| 338 |
|
|
|a Band
|b nc
|2 rdacarrier
|
| 490 |
0 |
|
|a ISHI publications
|
| 505 |
8 |
|
|a Enth. 12 Beitr.
|
| 583 |
1 |
|
|a Archivierung prüfen
|c 20240324
|f DE-4165
|z 1
|2 pdager
|
| 583 |
1 |
|
|a Archivierung/Langzeitarchivierung gewährleistet
|c 20240722
|f NI-LastCopies
|x XA-DE-NI
|z Potenzieller Alleinbesitz Niedersachsen
|2 pdager
|5 DE-89
|
| 650 |
|
7 |
|8 1.1\x
|a Bürokratie
|0 (DE-627)09135322X
|0 (DE-2867)11154-4
|2 stw
|
| 650 |
|
7 |
|8 1.2\x
|a Kriminalität
|0 (DE-627)091372992
|0 (DE-2867)16195-0
|2 stw
|
| 650 |
|
7 |
|8 1.3\x
|a Finanzkontrolle
|0 (DE-627)09138091X
|0 (DE-2867)11539-5
|2 stw
|
| 650 |
|
7 |
|8 1.4\x
|a Usa
|0 (DE-627)091396867
|0 (DE-2867)17829-1
|2 stw
|
| 650 |
|
7 |
|8 1.5\x
|a Großbritannien
|0 (DE-627)091364442
|0 (DE-2867)17374-2
|2 stw
|
| 689 |
0 |
0 |
|d g
|0 (DE-588)4078704-7
|0 (DE-627)106076612
|0 (DE-576)209209682
|a USA
|2 gnd
|
| 689 |
0 |
1 |
|d s
|0 (DE-588)4032524-6
|0 (DE-627)104704799
|0 (DE-576)208997288
|a Korruption
|2 gnd
|
| 689 |
0 |
|
|5 (DE-627)
|
| 689 |
1 |
0 |
|d g
|0 (DE-588)4078704-7
|0 (DE-627)106076612
|0 (DE-576)209209682
|a USA
|2 gnd
|
| 689 |
1 |
1 |
|d s
|0 (DE-588)4017214-4
|0 (DE-627)104624027
|0 (DE-576)208918817
|a Finanzwirtschaft
|2 gnd
|
| 689 |
1 |
|
|5 (DE-627)
|
| 700 |
1 |
|
|a McKinney, Jerome B.
|e Hrsg.
|0 (DE-588)170290514
|0 (DE-627)060357843
|0 (DE-576)131188984
|4 edt
|
| 889 |
|
|
|w (DE-576)9255346989
|
| 889 |
|
|
|w (DE-627)255346980
|
| 935 |
|
|
|i Blocktest
|
| 935 |
|
|
|i mdedup
|
| 936 |
r |
v |
|a QL 262
|b USA
|k Wirtschaftswissenschaften
|k Finanzwissenschaft. Betriebswirtschaftliche Steuerlehre
|k Finanzpolitik. Fiscal Policy. Finanzwirtschaft und Finanzpolitik einzelner Länder
|k USA
|0 (DE-627)1271480719
|0 (DE-625)rvk/141710:
|0 (DE-576)201480719
|
| 938 |
1 |
0 |
|0 (DE-627)1756241724
|0 (DE-615)6600257
|a Vereinigte Staaten
|2 fivt
|
| 938 |
1 |
0 |
|0 (DE-627)1756193843
|0 (DE-615)6608900
|a Korruption
|2 fivt
|
| 938 |
1 |
0 |
|0 (DE-627)1756186642
|0 (DE-615)6607737
|a Finanzsektor
|2 fivt
|
| 951 |
|
|
|a BO
|
| ELC |
|
|
|b 1
|
| LOK |
|
|
|0 000 xxxxxcx a22 zn 4500
|
| LOK |
|
|
|0 001 3276531925
|
| LOK |
|
|
|0 003 DE-627
|
| LOK |
|
|
|0 004 273540653
|
| LOK |
|
|
|0 005 20030625000000
|
| LOK |
|
|
|0 008 900806||||||||||||||||ger|||||||
|
| LOK |
|
|
|0 040
|a DE-21
|c DE-627
|d DE-21
|
| LOK |
|
|
|0 852
|a DE-21
|
| LOK |
|
|
|0 852 1
|c KB 18 A 1817
|9 00
|
| LOK |
|
|
|0 935
|a krim
|
| LOK |
|
|
|0 936ln
|a k1
|
| LOK |
|
|
|0 939
|a 06-08-90
|b l01
|
| ORI |
|
|
|a SA-MARC-krimdoka001.raw
|
| SIG |
|
|
|a UB: KB 18 A 1817
|